000 00390nam a2200145Ia 4500
041 _aArabic
082 _a796.33 cut-562 خ
100 _a20260118u\\\\\\\\\\\y0engy0103\\\\ba
100 _aزهیر قاسم الخشاب
245 0 _aكرة القدم
250 _aط1
260 _bدار الكتب للطباعة والنشر
_aالموصل
_c1999
300 _a644
942 _cBk
999 _c190469
_d190469